Normal view
MARC view
Entry Personal Name
001 - CONTROL NUMBER
- control field: 76279
003 - CONTROL NUMBER IDENTIFIER
- control field: dpl
005 - DATE AND TIME OF LATEST TRANSACTION
- control field: 20250109161914.0
008 - FIXED-LENGTH DATA ELEMENTS
- fixed length control field: 250109|| aca||aabn | a|a d
040 ## - CATALOGING SOURCE
- Original cataloging agency: dpl
- Transcribing agency: dpl
100 ## - HEADING--PERSONAL NAME
- Personal name: कुशवाह, वी. एस
670 ## - SOURCE DATA FOUND
- Source citation: Work cat.: (dpl)208316: कुशवाह, वी. एस, ई @लर्निंग /, 2022
